01138nam a2200289 a 450000100060000000300090000600500170001500800410003202000180007304000280009104100130011908200160013210000280014824501740017625000340035026000580038430000440044250400490048665000380053565000350057370000240060885200130063294200120064594900210065799900170067895201530069524721CO-ViMGA20230915232014.0141112s2004 ck r 000 u spa d a9788498352177 aCO-ViMGAbspacCO-ViMGA aspa ger04a615.1 L85f1 aLullmann, Heinz.93687710aFarmacología : btexto y atlas / cHeinz Lèullmann, Klaus Mohr, Lutz Hein ; ilustraciones en color de Jèurgen Wirth ; traducción de Lorenzo Facorro ... [et al.]. a6a. ed. mejorada y ampliada. aMadrid : bEditorial Médica PanAméricana, c2010. aix, 394 p. : 170 il. en color ; 19 cm. aIncluye bibliografía, índice y glosario.14aEnfermedades - tratamiento93085614aFarmacología - Atlas 9368781 aMohr, Klaus.936879 17648, 30 2ddccBK an n c32525d32525 00102ddc40708002aMEVIECARbMEVIECARd2015-12-04h06/mar/2013l1m1o615.1 L85f p25552r2019-05-28 00:00:00s2019-05-10tEj. 1w2015-12-04yBK